| 000 | 00599nam a22001817a 4500 | ||
|---|---|---|---|
| 005 | 20131015153430.0 | ||
| 010 | _aB-527664 | ||
| 020 |
_a9788184489385 _c495.00 |
||
| 037 | _aRP/Karol Bagh | ||
| 082 | _a612.39 | ||
| 100 | _aRaju,SM | ||
| 245 |
_aNutrition & biochemistry for Nurses / _cby SM Raju |
||
| 260 |
_aN.Delhi _bJAYPEE |
||
| 270 |
_a4838/24 Ansari Road,Daryagang, _bN.Delhi _e110002 |
||
| 300 |
_a575p. _b27cm.(pbk) _cill. |
||
| 942 |
_2ddc _cEN _h612.39 _mRAJ |
||
| 999 |
_c79557 _d79557 |
||